000 nam a22 7a 4500
999 _c72
_d72
005 20170810033233.0
008 170810b xxu||||| |||| 00| 0 eng d
020 _a9780131663015
_bhardback
040 _beng
_cAPEC Schools Library
_erda
082 _aC 530
_bH497c 2006
100 _aHewitt, Paul G.
245 _aConceptual physics: the high school physics program
_cPaul G. Hewitt
264 _aBoston, MA :
_bPearson Education
_c©2006
_d[2006]
300 _axix, 723 pages :
_c26 cm
336 _2rdacontent
_atext
337 _2rdamedia
_aunmediated
338 _2rdacarrier
_avolume
504 _aIncludes bibliographical references and index.
650 _aPhysics
_vTextbooks
942 _2ddc
_cBK